| 000 | 01383cam a22003854a 4500 | ||
|---|---|---|---|
| 001 | 6072054 | ||
| 005 | 20170105102937.0 | ||
| 008 | 060707s2007 enka b 001 0 eng | ||
| 010 | _a 2006022001 | ||
| 015 |
_aGBA676094 _2bnb |
||
| 016 | 7 |
_a013546838 _2Uk |
|
| 020 | _a0415407273 (hbk) | ||
| 020 | _a9780415407274 (hbk) | ||
| 020 | _a0203965957 (ebk) | ||
| 020 | _a9780203965955 (ebk) | ||
| 035 | _a(OCoLC)ocm70659963 | ||
| 035 | _a(NNC)6072054 | ||
| 040 |
_aDLC _cDLC _dBAKER _dUKM _dYDXCP _dBWKUK _dYDX |
||
| 050 | 0 | 0 |
_aJZ5588 _b.T353 2007 |
| 082 | 0 | 0 |
_a355.033 _222 _bTAD 2007 |
| 100 | 1 |
_aTadjbakhsh, Shahrbanou, _d1965- |
|
| 245 | 1 | 0 |
_aHuman security : _bconcepts and implications / _cShahrbanou Tadjbakhsh and Anuradha M. Chenoy. |
| 260 |
_aLondon ; _aNew York : _bRoutledge, _c2007. |
||
| 300 |
_axvi, 272 p. : _bill. ; _c24 cm. |
||
| 490 | 1 |
_aRoutledge advances in international relations and global politics ; _v51 |
|
| 504 | _aIncludes bibliographical references (p. [244]-262) and index. | ||
| 650 | 0 | _aSecurity, International. | |
| 650 | 0 |
_aWorld politics _y1989- |
|
| 700 | 1 | _aChenoy, Anuradha M. | |
| 830 | 0 |
_aRoutledge advances in international relations and global politics ; _v51. |
|
| 856 | 4 | 1 |
_3Table of contents only _uhttp://www.loc.gov/catdir/toc/ecip0617/2006022001.html |
| 942 |
_2ddc _cBK |
||
| 948 | 1 |
_a20070215 _bc _crch2 _dMPS |
|
| 999 |
_c16321 _d16321 |
||